05142nmm a22004457a 450000100060000000300160000600500170002200800410003904000510008004100080013107200280013909000230016710000480019024502840023826000490052230000130057133600270058433700270061133800390063850000130067750000810069050200730077150514090084452017780225365000340403165000720406565000270413765000390416465000460420365000440424965000380429365000380433165000350436965000430440470000590444785601490450691200090465594200150466499900170467951056Biblioteca APEC20251014103517.0170930b2016 dr ||||| |||| 00| 0 spa d cBiblioteca UNAPECaBiblioteca UNAPECbspaerda aspa aFacultad de Humanidades aTPG-CI MAS-01 20161 aTapia Mora, Francisco Antonio915900eautor10aAplicación del análisis matemático en la optimización del proceso de recolección y uso de garrafones retornables en la empresa Agua Planeta Azul, S. A. en la ciudad de Santo Domingo, 2016 /cFrancisco Antonio Tapia Mora ; asesor: Ignacio de la Caridad Pérez Yzquierdo aSanto Domingo, DO :bUniversidad APEC,c2016 a1 CD ROM aTextobtxt2rdacontent aordenadorbc2rdamedia arecurso en líneabcr2rdacarrier aCAMPUS I aTesis en Formato PDF Tesis en Formato Electrónico Tesis en Formato Digital aTesis (Maestría en Matemática Superior) - Universidad APEC, 2016 aASPECTOS GENERALES SOBRE LA INDUSTRIA DE AGUA PURIFICADA EMBOTELLADA - Antecedentes del agua embotellada - Concepto de agua embotellada - Concepto de agua para consumo humano - Definiciones claves del código modelo "IBWA" - Químicos peligrosos presentes en una planta de embotellado - Principales parámetros de calidad en el agua embotellada - Historia de la empresa Agua Planeta Azul, S. A. PROCESO DE PRODUCCIÓN DE AGUA EMBOTELLADA - Historia de los procesos - Concepto de proceso - Tipos de procesos - Purificación de agua - Envasado del producto final - Distribución o entrega al cliente - Descripción del proceso de producción en Agua Planeta azul, S. A. APLICACIÓN DEL ANÁLISIS MATEMÁTICO EN LA OPTIMIZACIÓN DEL PROCESO DE RECOLECCIÓN Y USO DE GARRAFONES RETORNABLES EN LA EMPRESA AGUA PLANETA, S. A. - Indagatoria sobre la idoneidad de los equipos y materiales utilizados en el proceso de producción - Evaluación sobre la seguridad del transporte para proteger los garrafones - Observación sobre la manipulación y uso de los garrafones - Creación de un modelo que aproxime el comportamiento del costo agregado por concepto de garrafones rechazados - Determinación de la función de costos totales de operaciones - Aplicación del análisis matemático para optimizar el proceso de recolección y uso de garrafones retornables Conclusiones Recomendaciones aRESUMEN: Este trabajo de investigación fue realizado con el objetivo de crear un modelo que aproxime el comportamiento del costo agregado por concepto de garrafones rechazados, determinar las funciones de costo total operacional, ingresos y utilidades, para luego aplicar el análisis matemático en la optimización del proceso de recolección y uso de garrafones retornables en la empresa Agua Planeta Azul S. A., a fin de determinar qué cantidad debe producir la empresa durante una jornada para obtener la máxima utilidad operativa, en cuantas horas puede la empresa obtener la producción que le genera la máxima utilidad operativa y cuál es la máxima utilidad operativa. A los fines del logro de los objetivos, se realizó una investigación que abarca los aspectos generales de la industria, los procesos en general y específicos del sector agua embotellada, así como de los procesos operacionales de la empresa. Se tomó la producción obtenida por la empresa durante seis días consecutivos y se organizó de menor a mayor, cada una acompañada por su respectiva cantidad de garrafones rechazados, procediendo luego a calcular el costo unitario agregado por concepto de garrafones rechazados durante cada jornada de producción; luego procedimos a graficar los datos para observar su comportamiento, para así poder determinar la función que aproxima dicho costo agregado. Obtenida esta función, procedimos a determinar las funciones de: costo total operacional, ingresos y utilidades, para finalmente aplicar el análisis matemático y optimizar el proceso en cuestión, presentando tanto los aspectos generales de la optimización como ejemplos de aplicación resueltos, para una mejor comprensión por parte del lector.  aAnálisis matemático96014 aAbastecimiento industrial de aguaxControl de la producción96015 aAgua embotellada96016 aAdministración industrial913710 aAdministración de la producción96018 aControl de procesos industriales913735 aInvestigación operacional96020 aOptimización matemática96021 aIngeniería industrial913733 aIngeniería de la producción913732 aPérez Izquierdo, Ignacio de la Caridadeasesor94328 uhttps://bibliotecaunapec.blob.core.windows.net/tesis/TPG_CI_MAS_01_2016_ET170294.pdfyHacer clic para ver el PDF (1.22 MB). Trabajo de posgrado. aAJRP 2ddccE-TES c14160d14160